Implementácia systému CRM v konkrétnom podniku diplomová práca

Saved in:
Bibliographic Details
Main Author: Styrančák, Erik
Corporate Author: Podnikovohospodárska fakulta EU so sídlom v Košiciach. Katedra obchodného podnikania
Other Authors: Ručinský, Rastislav
Format: Book
Language:Slovak
Published: Košice 2016
Tags: Add Tag
No Tags, Be the first to tag this record!

MARC

LEADER 00000nbm a2200000 4500
001 0217596
005 20161219132153.2
041 0 |a slo 
044 |a SK 
245 1 0 |a Implementácia systému CRM v konkrétnom podniku  |b diplomová práca  |c Erik Styrančák ; školiteľ: Rastislav Ručinský 
264 1 |a Košice  |c 2016 
300 |a 75 s. 
100 1 |a Styrančák, Erik 
700 1 |a Ručinský, Rastislav 
710 2 |a Podnikovohospodárska fakulta EU so sídlom v Košiciach. Katedra obchodného podnikania